000 00870nam a2200241 a 4500
001 83681
003 BD-RjUL
005 20240508110424.0
008 240508s1994 bg a|||| m||| 00| 0 eng d
035 _a(BD-RjUL)83681
040 _aBD-RjUL
_beng
_cBD-RjUL
_dBD-RjUL
041 _aeng
082 _223
_a572.8
_bKHC 1994
100 _aKhan, Mizanur Rahman
_912894
245 1 0 _aCYTOGENETICAL AND BIOCHEMICAL STUDIES IN Capsicum annuum L. /
_cMizanur Rahman Khan
_6Supervisor : Golam Kabir
260 _aRajshahi :
_bDepartment of Botany,University of Rajshahi
_c1994
300 _axiii, [4], 319 leaves :
_bill.;
_c29 cm.
502 _aThesis (Ph.D.) -- Department of Botany,University of Rajshahi,1994
504 _aReferences : Leaves 291-319
650 _aBiochemical genetics
_xCytogenetics
_912895
700 _aKabir, Golam, Supervisor
_93775
942 _2ddc
_cTHE
999 _c83681
_d83681